| 000 | 00385cam a2200157ua 4500 | ||
|---|---|---|---|
| 041 |
_aeng _h |
||
| 082 |
_a823.301 _bDOW/JA |
||
| 100 | _aDower, Pauline . | ||
| 245 | 0 | 0 |
_aJacob: old testment stories / _cPauline Dower. _hTextual Documents |
| 250 |
_a1 / _b. |
||
| 260 |
_aLondon : _bOxford University Press. |
||
| 300 | _a16 ; . | ||
| 504 | _a | ||
| 942 | _cBK | ||
| 999 |
_c2498 _d2498 |
||